00920nam a2200193 a 450000100100000000500170001000800410002704000250006810000440009324500860013726000720022330000200029570000490031504900090036495201200037395201050049395201110059899900170070900002529320240320074001.0110214s1997 dr 000 0 spa d aDO-SdBNPbspacBNPHU1 aBello Peguero, Rafael,d1932-20229240510aMiguel Domingo Fuentes Lorén, pbro :b1871-1922 /ceditor Rafael Bello Peguero. aBarahona, República Dominicana :bEditora Amigo del Hogar,c1997. a27 p. ;c23 cm.1 aBello Peguero, Rafael,d1932-2022eed.92405 aBNPD 001054708DSaGRbGRcCTd2011-04-27iLF1l0o p25293-30r2020-06-25te. 3w2020-06-25yLFDSZPréstamo en sala 0010718PDaPDbPDcCTd2011-02-14iLF1l0o p25293-10r2020-06-25w2020-06-25yLFPDZNo se presta 0010718PDaPDbPDcCTd2011-02-14iLF1l0o p25293-20r2020-06-25te. 2w2020-06-25yLFPDZNo se presta c24786d24786